Principles of risk management and insurance / (Record no. 86364)

MARC details
000 -LEADER
fixed length control field 00593nam a22001937a 4500
005 - DATE AND TIME OF LATEST TRANSACTION
control field 20140812143714.0
010 ## - LCCN (DPL NO)
LC control number ENG-110361
020 ## - INTERNATIONAL STANDARD BOOK NUMBER
International Standard Book Number 9789350621783
Terms of availability 425.00
035 ## - SYSTEM CONTROL NUMBER
System control number EN-93893
037 ## - SOURCE OF ACQUISITION
Source of stock number/acquisition DBAD/PUB
082 ## - DEWEY DECIMAL CLASSIFICATION NUMBER
Classification number 368
100 ## - MAIN ENTRY--PERSONAL NAME
Personal name Gulati, Neelam C.
245 ## - TITLE STATEMENT
Title Principles of risk management and insurance /
Statement of responsibility, etc by Neelam C. Gulati
260 ## - PUBLICATION, DISTRIBUTION, ETC. (IMPRINT)
Place of publication, distribution, etc New Delhi
Name of publisher, distributor, etc Excel Books
Date of publication, distribution, etc 2013
270 ## - ADDRESS
Address A-45, Naraina, Phase I
City New Delhi
Postal code 110028
300 ## - PHYSICAL DESCRIPTION
Extent xii,532p.
Dimensions 24cm(pbk)
500 ## - GENERAL NOTE
General note Includes bibliographical references and index
942 ## - ADDED ENTRY ELEMENTS (KOHA)
Source of classification or shelving scheme Dewey Decimal Classification
Item type English Books
Call number suffix GUL
Classification part 368
Holdings
Withdrawn status Lost status Not for loan Collection code Home library Current library Date acquired Source of acquisition Cost, normal purchase price Full call number Barcode Copy number Cost, replacement price Koha item type
    Not For Loan Non-fiction D.B.Act.Division D.B.Act.Division 03/07/2014 DBAD/PUB 425.00 368 GUL EN-93893 1 425.00 English Books

© Delhi Public Library
Hit Counter
free hit counter